| 000 | 00000nam##2200000za#4500 |
| 001 | 9.558034 |
| 003 | CaOODSP |
| 005 | 20210624172202 |
| 007 | cr ||||||||||| |
| 008 | 150406|2002||||xxc|||||o f|0| 0 eng|d |
| 020 | |a0-662-31500-6 |
| 022 | |a1925-0886 |
| 040 | |aCaOODSP|beng |
| 043 | |an-cn--- |
| 086 | 1 |aH113-9/2001-7E-IN |
| 110 | 1 |aCanada. |bPest Management Regulatory Agency. |
| 245 | 10|aChondrostereum purpureum (HQ1) |h[electronic resource] |
| 260 | |aOttawa - Ontario : |bHealth Canada. |cJanuary 4, 2002. |
| 300 | |a35p.|bglossary, references, tables |
| 490 | 1 |aProposed registration decision |x1925-0886|vPRDD 2002-01 |
| 590 | |a12-01-Supp|b2012-01-13 |
| 775 | 08|tChondrostereum purpureum (HQ1) |w(CaOODSP)9.591013 |
| 776 | 0#|tChondrostereum purpureum (HQ1) |w(CaOODSP)9.615870 |
| 830 | #0|aProposed registration decision,|x1925-0886|vPRDD 2002-01|w(CaOODSP)9.504464 |
| 856 | 40|ahttp://publications.gc.ca|qPDF|s128 KB|uhttps://publications.gc.ca/collections/Collection/H113-9-2001-7E.pdf|yPRDD 2002-01 |